000 00288nam a22001337a 4500
003 SGT
082 _a320
_bD05D
100 _aDEUSKAR, SAKHARAM GANESH
245 _aDESH KI BAAT
260 _bNATIONAL BOOK TRUST
_c2005
300 _a345
650 _aPOLITICAL SCIENCE
942 _2ddc
_cBK
999 _c28066
_d28066